Meditationes de praecipuis fidei nostrae mysteriis, vitae ac passionis D. N. Jesu Christi et B. V. Mariae, sanctorumque et evangeliorum toto anno accurrentium cum orationis mentalis circa eadem praxi / authore R. P. Ludovico de Ponte Vallis-Oletano Hispanicè editae et in Vi Partes divisae ; interprete R.P. Melchiore Trevinnio, utroque Societatis Jesu Religioso

Detalles Bibliográficos
Autor principal: Puente, Luis de la
Formato: Libro
Lenguaje:Undetermined
Latin
Publicado: Waldsassii : typis Danielis Caroli Witz, 1734.
Materias:
Colección:Banco de datos
Acervo:Biblioteca Palafoxiana. Colección bibliográfica
Descripción Física:6 t. en 2 v. ; f°
Tema general:Ascética
Notas:Marca de fuego: Colegio de San Juan. Ex libris manuscrito: "De la Compañia de Jesus de la Puebla". Número de localización: t.1 (36018) ; t.2 (36018) , t.3 (36018) ; t.4 (36019) ; t.5 (36019) ; t.6 (36019)
LEADER 01016nam a2200169Ia 4500
008 150723s9999 xx 000 0 und d
041 0 |a lat 
050 0 |a PAFX BV5021 P8 
100 1 |a Puente, Luis de la 
245 1 0 |a Meditationes de praecipuis fidei nostrae mysteriis, vitae ac passionis D. N. Jesu Christi et B. V. Mariae, sanctorumque et evangeliorum toto anno accurrentium cum orationis mentalis circa eadem praxi / authore R. P. Ludovico de Ponte Vallis-Oletano Hispanicè editae et in Vi Partes divisae ; interprete R.P. Melchiore Trevinnio, utroque Societatis Jesu Religioso 
260 |a Waldsassii : typis Danielis Caroli Witz, 1734. 
300 |a 6 t. en 2 v. ; f° 
500 |a Marca de fuego: Colegio de San Juan. Ex libris manuscrito: "De la Compañia de Jesus de la Puebla". Número de localización: t.1 (36018) ; t.2 (36018) , t.3 (36018) ; t.4 (36019) ; t.5 (36019) ; t.6 (36019) 
650 1 0 |a Ascética 
942 |c PALALIB 
943 |g Biblioteca Palafoxiana. Colección bibliográfica 
999 |c 1060437  |d 1060437